000 00304nam a22001337a 4500
008 170616b xxu||||| |||| 00| 0 eng d
020 _a9780199548866
041 _aeng
080 _22ND
_a327
100 _a20
101 _aSHP
245 _aINTERNATIONAL RELATIONS THEORIES
_cDUNNE,T
942 _2udc
_cBK
999 _c17708
_d17708